Digital communication techniques : (Record no. 37912)
[ view plain ]
| 000 -LEADER | |
|---|---|
| fixed length control field | 00877nam a22002658 4500 |
| 001 - CONTROL NUMBER | |
| control field | 37912 |
| 003 - CONTROL NUMBER IDENTIFIER | |
| rucl marc code | (BD-RjUL) |
| 005 - DATE AND TIME OF LATEST TRANSACTION | |
| control field | 20211209052704.0 |
| 008 - FIXED-LENGTH DATA ELEMENTS--GENERAL INFORMATION | |
| fixed length control field | 930609s1995 njua b 001 0 eng |
| 020 ## - INTERNATIONAL STANDARD BOOK NUMBER | |
| International Standard Book Number | 9788120314733 |
| International Standard Book Number | 8120314735 |
| 035 ## - SYSTEM CONTROL NUMBER | |
| System control number | (BD-RjUL) |
| 040 ## - CATALOGING SOURCE | |
| Original cataloging agency | DLC |
| Transcribing agency | (BD-RjUL) |
| 082 ## - DEWEY DECIMAL CLASSIFICATION NUMBER | |
| Edition number | 21 |
| Classification number | 621.382 |
| Author mark and year | SID 1999 |
| 100 1# - MAIN ENTRY--PERSONAL NAME | |
| Personal name | Simon, Marvin K. |
| 9 (RLIN) | 117458 |
| 245 10 - TITLE STATEMENT | |
| Title | Digital communication techniques : |
| Remainder of title | signal design and detection / |
| Statement of responsibility, etc. | Marvin K. Simon, Sami M. Hinedi, William C. Lindsey. |
| 260 ## - PUBLICATION, DISTRIBUTION, ETC. (IMPRINT) | |
| Place of publication, distribution, etc. | New Delhi : |
| Name of publisher, distributor, etc. | Prentice Hall of India, |
| Date of publication, distribution, etc. | c1995 [1999 reprint] |
| 300 ## - PHYSICAL DESCRIPTION | |
| Pagination | xviii, 888 p. : |
| Illustrations | ill. ; |
| Size | 25 cm. |
| 504 ## - BIBLIOGRAPHY, ETC. NOTE | |
| Bibliography, etc | Includes bibliographical references and index. |
| 650 #0 - SUBJECT ADDED ENTRY--TOPICAL TERM | |
| Topical term or geographic name as entry element | Digital communications. |
| 9 (RLIN) | 117150 |
| 700 1# - ADDED ENTRY--PERSONAL NAME | |
| Personal name | Hinedi, Sami M. |
| Personal name | Lindsey, William C. |
| 942 ## - ADDED ENTRY ELEMENTS (KOHA) | |
| Source of classification or shelving scheme | Dewey Decimal Classification |
| Koha item type | Books |
| Lost status | Source of classification or shelving scheme | Damaged status | Not for loan | Permanent Location | Current Location | Shelving location | Date acquired | Total Checkouts | Full call number | Date last seen | Copy number | Koha item type |
|---|---|---|---|---|---|---|---|---|---|---|---|---|
| Dewey Decimal Classification | Not For Loan | Department of Information and Communication Engineering (ICE) Library | Department of Information and Communication Engineering (ICE) Library | Seminar Library | 10/08/2015 | 621.382 SID 1999 | 10/08/2015 | C.1 | Books |